000 00594nam a22002057a 4500
005 20251108164153.0
008 250721s1994 xx 000 0 ara d
082 1 4 _a301.2962/أحم
100 1 _aأبو مطر، أحمد
245 1 0 _aالثقافة المصرية في زمن التطبيع /
264 1 _aعمان :
_bالإتحا العام للأدباء و الكتاب العرب،
_c1994.
300 _a112ص
650 1 7 _aالثقافة
650 1 7 _aمصر
650 1 7 _aالسلام
650 1 7 _aالعرب
650 1 7 _aسرائيل
942 _2ddc
_cBK
999 _c5403
_d5403